| 000 | 00921nac a22002891i 4500 | ||
|---|---|---|---|
| 003 | EG-ScBUE | ||
| 005 | 20250317090740.0 | ||
| 008 | 100906t1999 nyua f 001 0 eng d | ||
| 020 | _a1572596732 | ||
| 020 | _a9781572596733 | ||
| 040 |
_aEG-ScBUE _beng _erda _cEG-ScBUE _dEG-ScBUE |
||
| 082 | 0 | 4 |
_a530 _bTIP _222 |
| 100 | 1 |
_aTipler, Paul Allen, _918369 _d1933- _eauthor. |
|
| 245 | 1 | 0 |
_aPhysics for scientists and engineers / _cPaul A. Tipler. |
| 250 | _aFourth edition. | ||
| 264 | 1 |
_aNew York : _bW.H. Freeman and Company / Worth Publishers, Inc., _c[1999] |
|
| 264 | 4 | _cc1999 | |
| 300 |
_a1 volume (various pagings) : _cillustrations ; _b31 cm |
||
| 336 |
_2rdacontent _atext _btxt |
||
| 337 |
_aunmediated _2rdamedia _bn |
||
| 338 |
_avolume _bnc _2rdacarrier |
||
| 500 | _aIncludes index. | ||
| 500 | _aIncludes Appendices. | ||
| 650 | 7 |
_aPhysics _vTextbooks. _2BUEsh |
|
| 655 | _vReading book | ||
| 942 |
_cBB _2ddc |
||
| 999 |
_c963 _d963 |
||